000 00999cam a2200337 a 4500
001 9648
003 BD RJUL
005 20211208234819.0
008 210114s1995 nyua 001 0 eng
020 _a0471078476 (pbk. : acidfree paper)
035 _aBD RJUL
035 _a(OCoLC)30895858
035 _a(OCoLC)32050974
040 _aDLC
_cDLC
_dUKM
_dBD RJUL
_beng
041 _aeng
082 0 0 _a537
_220
_bCHE 1995
100 1 _aChabay, Ruth W.
_929871
245 1 0 _aElectric and magnetic interactions /
_cRuth W. Chabay, Bruce A. Sherwood.
246 1 4 _aElectric & magnetic interactions
260 _aNew York :
_bWiley,
_cc1995.
300 _axii, 660 p. :
_bill. ;
_c28 cm.
500 _aIncludes index.
650 0 _aElectromagnetic fields.
_927745
650 0 _aElectric fields.
_929872
650 0 _aMagnetic fields.
_927977
653 0 _aElectric fields
700 1 _aSherwood, Bruce A.
_929873
942 _2ddc
_cBK
_01
999 _c9648
_d9648